00701nam a2200205 i 450000100060000000300090000600500170001500700030003200800410003510000230007624501020009925000120020126000300021330000220024370000270026570000320029285200320032499900170035695201220037358773ES-MaACL20230906163901.0t|031024s1973 sp ||||1| spa d1 aDuttler, A.94636210aAdelgazar si, pero ¿cómo? / cA. Duttler ; [traducido por Walter Dörr y Luis F. Villanueva]. a2ª ed. aMadrid : bE. M., c1973. a136 p. ; c19 cm.1 aDörr, Walter.9454241 aVillanueva, Luis F.9115027 aES-MaACLjC-52855 bR.86261 c58773d58773 00104070aATENEOMbATENEOMcDEPO2d2008-01-17eSCl0oC-52855p1061659r2023-02-23 00:00:00w2023-02-23yMONOGRAFIA